000 00932nam a22002417a 4500
005 2011072000470.0
008 110720t xxu||||| |||| 00| 0 mar d
010 _aMAR-21092
020 _a9788172948696
_c180.00
035 _aMR-13750
037 _bDBAD/PUB
040 _aDPL
_bMR
082 _a891.46301
100 _aबैजल,रेखा
_929738
245 _aशिवार /
_bरेखा बैजल
246 _aShivar
_bbyRekha Bejal
260 _aपुणे
_bदिलीपराज प्रकाशन
_c2011
270 _a251क,शनिवार पेठ
_bपुणे
_e411030
300 _a173पृ.
_c22सेमी(अजिल्द)
700 _929747
942 _2ddc
_cMR
_h891.46301
_mबैजल
999 _c54108
_d54108